Homeopathic : (Record no. 123864)

MARC details
000 -LEADER
fixed length control field 00743nam a22002417a 4500
003 - CONTROL NUMBER IDENTIFIER
control field dpl
005 - DATE AND TIME OF LATEST TRANSACTION
control field 20180720114004.0
008 - FIXED-LENGTH DATA ELEMENTS--GENERAL INFORMATION
fixed length control field 161005b xxu||||| |||| 00| 0 eng d
010 ## - LIBRARY OF CONGRESS CONTROL NUMBER
LC control number B-160204
020 ## - INTERNATIONAL STANDARD BOOK NUMBER
Terms of availability 795.00
International Standard Book Number 9788178220406
035 ## - SYSTEM CONTROL NUMBER
System control number B-160204, B-160217, B-160205
037 ## - SOURCE OF ACQUISITION
Source of stock number/acquisition Cen Lib/Ret
040 ## - CATALOGING SOURCE
Original cataloging agency DPL
Language of cataloging EN
Transcribing agency TIT
082 ## - DEWEY DECIMAL CLASSIFICATION NUMBER
Classification number 615.53
Item number KUM
100 ## - MAIN ENTRY--PERSONAL NAME
Personal name Kumar, S.
9 (RLIN) 8307
245 ## - TITLE STATEMENT
Title Homeopathic :
Statement of responsibility, etc by S. Kumar
Remainder of title A comparative materia medica /
260 ## - PUBLICATION, DISTRIBUTION, ETC. (IMPRINT)
Place of publication, distribution, etc New Delhi
Name of publisher, distributor, etc New Age Books
Date of publication, distribution, etc 2005
270 ## - ADDRESS
Address A-44, Naraina Phase I
City New Delhi
Postal code 110028
300 ## - PHYSICAL DESCRIPTION
Extent xvi,413p.
Dimensions 22cm(pbk)
650 ## - SUBJECT ADDED ENTRY--TOPICAL TERM
Topical term or geographic name as entry element Diseases--Homeopathic treatment
9 (RLIN) 8308
650 ## - SUBJECT ADDED ENTRY--TOPICAL TERM
Topical term or geographic name as entry element Homeopathy
9 (RLIN) 8309
942 ## - ADDED ENTRY ELEMENTS (KOHA)
Source of classification or shelving scheme Dewey Decimal Classification
Koha item type English Books
Classification part 615.53
Call number suffix KUM
Holdings
Withdrawn status Lost status Materials specified (bound volume or other part) Damaged status Not for loan Home library Current library Date acquired Source of acquisition Cost, normal purchase price Total Checkouts Full call number Barcode Date last seen Date checked out Copy number Cost, replacement price Price effective from Koha item type Source of classification or shelving scheme Collection code Total Renewals
    Part-1     Central Library Central Library 12/06/2015 Cen Lib/Ret 795.00 1 615.53 KUM B-160204 09/04/2025 10/01/2020 1 795.00 12/06/2015 English Books      
    pt 2     Central Library Central Library 01/07/2015 Cen Lib/Ret 795.00 1 615.53 KUM B-160216 24/02/2019 10/02/2019 1 795.00 01/07/2015 English Books Dewey Decimal Classification    
          Patel Nagar Patel Nagar 04/07/2018 BPPD/Pub 795.00 2 615.53 KUM B-160217 20/12/2018 06/12/2018 1 795.00 04/07/2018 English Books Dewey Decimal Classification Non-fiction 2
          Patel Nagar Patel Nagar 20/07/2018 BPPD/Pub 795.00 2 615.53 KUM B-160205 29/11/2018 01/11/2018   795.00 20/07/2018 English Books Dewey Decimal Classification Non-fiction 2

© Delhi Public Library
Hit Counter
free hit counter